| 000 | 00723nam a22002414a 4500 | ||
|---|---|---|---|
| 001 | ESSALUD | ||
| 007 | ta | ||
| 008 | t2014 pe gr 00| 0 spa d | ||
| 040 | _aESSALUD | ||
| 041 | _aspa | ||
| 043 | _cpe | ||
| 082 |
_a338.927 _bP73 |
||
| 110 |
_aPrograma de las Naciones Unidas para el Desarrollo (PNUD) _eautor _948666 |
||
| 245 | _aCambio climático y territorio: en busca de sostenibilidad para el desarrollo humano en el Perú | ||
| 250 | _a1 ed. | ||
| 260 |
_aLima : _bPNUD, _c2014 |
||
| 300 | _a36 páginas | ||
| 650 |
_aCAMBIO CLIMÁTICO _9544 |
||
| 650 |
_aSALUD AMBIENTAL _91651 |
||
| 650 |
_aDESARROLLO SOSTENIBLE _95156 |
||
| 650 |
_aPOLÍTICA AMBIENTAL _93185 |
||
| 942 |
_cBK _e2026-04-15 _zAFC |
||
| 999 |
_c22345 _d22345 |
||